Retail risk index (Record no. 83891)
[ view plain ]
| 000 -LEADER | |
|---|---|
| fixed length control field | 01428cad a22002055a 4500 |
| 001 - CONTROL NUMBER | |
| control field | L155663 |
| 008 - FIXED-LENGTH DATA ELEMENTS--GENERAL INFORMATION | |
| fixed length control field | 120330s2012 xxk 000 0 eng d |
| 035 ## - SYSTEM CONTROL NUMBER | |
| System control number | (Sirsi) u155663 |
| 041 0# - LANGUAGE CODE | |
| Language code of text/sound track or separate title | eng |
| 110 2# - MAIN ENTRY--CORPORATE NAME | |
| Corporate name or jurisdiction name as entry element | BNP Paribas Real Estate |
| 9 (RLIN) | 5715 |
| 245 00 - TITLE STATEMENT | |
| Title | Retail risk index |
| Remainder of title | the health of our towns within a weakening retail economy 2012 |
| Medium | [electronic resource] |
| 260 ## - PUBLICATION, DISTRIBUTION, ETC. | |
| Place of publication, distribution, etc. | London |
| Name of publisher, distributor, etc. | BNP Paribas |
| Date of publication, distribution, etc. | 2012 |
| 520 ## - SUMMARY, ETC. | |
| Summary, etc. | This new index is a guide to the level of tenant financial risk in the UK's top 100 retail locations. The national picture shows that 10% of units in the top 100 towns are at a very high risk of collapse or closure, 20% are either charity shops or vacant , and a further 17% of units are occupied by retailers who pose high risk. Only just over 50% of the units analysed are occupied by retailers considered secure. |
| 520 ## - SUMMARY, ETC. | |
| Summary, etc. | Key findings -- Why have we created this index? -- The retail domino effect -- How have we created our risk index? -- The national picture -- The most and least risky towns -- Key themes and commonalities -- How can our retail risk index be used? -- Appendix 1 Our 100 top towns. |
| 590 ## - LOCAL NOTE (RLIN) | |
| Local note | KA NTK |
| 651 #4 - SUBJECT ADDED ENTRY--GEOGRAPHIC NAME | |
| Geographic name | United Kingdom |
| 690 ## - LOCAL SUBJECT ADDED ENTRY--TOPICAL TERM (OCLC, RLIN) | |
| Topical term or geographic name as entry element | Commercial property |
| 9 (RLIN) | 6227 |
| 856 40 - ELECTRONIC LOCATION AND ACCESS | |
| Uniform Resource Identifier | <a href="https://www.realestate.bnpparibas.co.uk/bnppre/research-retail-risk-index-march-2012-p_57673">https://www.realestate.bnpparibas.co.uk/bnppre/research-retail-risk-index-march-2012-p_57673</a> |
| Public note | View the index (after creating an account (free)) at www.realestate.bnpparibas.co.uk |
| 942 ## - ADDED ENTRY ELEMENTS (KOHA) | |
| Suppress in OPAC | 0 |
| Withdrawn status | Lost status | Source of classification or shelving scheme | Damaged status | Not for loan | Home library | Current library | Shelving location | Date acquired | Total Checkouts | Full call number | Barcode | Date last seen | Copy number | Price effective from | Koha item type |
|---|---|---|---|---|---|---|---|---|---|---|---|---|---|---|---|
| Dewey Decimal Classification | Virtual | Virtual | Online | 30/03/2012 | ONLINE PUBLICATION | 155663-2001 | 06/08/2019 | 1 | 06/08/2019 | Book |